[Event "Olomouc 2008 - Open"]
[Site "?"]
[Date "2008.??.??"]
[Round "1.1"]
[White "LANG, ANDERS."]
[Black "MASLAK, KONSTANTIN."]
[Result "0-1"]
[WhiteElo "1920"]
[BlackElo "2521"]
[PlyCount "114"]
[EventDate "2008.07.31"]

1. e4 d5 2. exd5 Nf6 3. d4 Bg4 4. Nf3 Qxd5 5. Nc3 Qh5 6. Be2 Nc6 7. h3 O-O-O 8.
Be3 e5 9. d5 e4 10. Ng5 Bxe2 11. Qxe2 Qxe2+ 12. Kxe2 Ne5 13. Ncxe4 Nxe4 14.
Nxe4 Rxd5 15. Rhd1 Rb5 16. b3 Ba3 17. c4 Ra5 18. Bd2 Ra6 19. Bc3 Re8 20. Kf1
Nxc4 21. Ng5 f6 22. bxc4 fxg5 23. Bxg7 Re4 24. Re1 Rxc4 25. Re8+ Kd7 26. Rh8
Re6 27. Rd1+ Bd6 28. Bf8 Rh4 29. Rg8 Rg6 30. Rxg6 hxg6 31. Bxd6 cxd6 32. Rd5 g4
33. Rd4 b5 34. f3 Kc6 35. fxg4 Rh8 36. Ke2 Re8+ 37. Kd2 g5 38. g3 Rh8 39. h4
gxh4 40. gxh4 Rxh4 41. Ke3 Kc5 42. Rf4 Rh3+ 43. Rf3 Rh2 44. Rf2 Rxf2 45. Kxf2
b4 46. g5 Kd5 47. Ke3 a5 48. Kd3 a4 49. g6 Ke6 50. Kc4 b3 51. axb3 a3 52. Kc3
d5 53. b4 d4+ 54. Kxd4 a2 55. b5 a1=Q+ 56. Kc5 Qe5+ 57. Kb6 Qb8+ 0-1

[Event "Olomouc 2008 - Open"]
[Site "?"]
[Date "2008.??.??"]
[Round "1.2"]
[White "SIMACEK, PAVEL."]
[Black "VYSLOUZIL, LUKAS."]
[Result "1-0"]
[WhiteElo "2470"]
[BlackElo "1915"]
[PlyCount "89"]
[EventDate "2008.07.31"]

1. d4 d5 2. Nf3 Nf6 3. Bg5 Bg4 4. Ne5 Bf5 5. c4 Nbd7 6. cxd5 Nxd5 7. Nd3 h6 8.
Bh4 N7f6 9. Nc3 c6 10. e3 e6 11. Be2 Bd6 12. Qd2 Qc7 13. Rc1 a6 14. Bf3 Nxc3
15. bxc3 Ne4 16. Bxe4 Bxe4 17. f3 Bxd3 18. Qxd3 Bxh2 19. f4 g5 20. Bf2 Bxf4 21.
exf4 Qxf4 22. Rb1 O-O-O 23. Bg3 Qf5 24. Qxf5 exf5 25. Be5 Rh7 26. g3 Rf8 27.
O-O f6 28. Rxf5 Rhf7 29. Rbf1 Kd7 30. Rxf6 Rxf6 31. Rxf6 Rxf6 32. Bxf6 Ke6 33.
Bg7 h5 34. Kf2 Kf5 35. Ke3 h4 36. gxh4 gxh4 37. a4 h3 38. Be5 b5 39. a5 c5 40.
Bh2 Ke6 41. Ke4 c4 42. d5+ Kd7 43. Kd4 Ke7 44. Kc5 Kd7 45. d6 1-0

[Event "Olomouc 2008 - Open"]
[Site "?"]
[Date "2008.??.??"]
[Round "1.3"]
[White "SOCHOROVA, JANA."]
[Black "POZIN, SERGEY."]
[Result "0-1"]
[WhiteElo "1913"]
[BlackElo "2436"]
[PlyCount "42"]
[EventDate "2008.07.31"]

1. Nf3 Nf6 2. d4 g6 3. g3 Bg7 4. Bg2 O-O 5. O-O d6 6. c4 Nc6 7. Nc3 Bg4 8. h3
Bxf3 9. Bxf3 Nd7 10. e3 e5 11. d5 Ne7 12. e4 f5 13. Bg5 a5 14. Nb5 Nc5 15. Qc2
Qd7 16. Kh2 fxe4 17. Bxe7 Rxf3 18. Bg5 Raf8 19. Nc3 R8f5 20. Be3 Rh5 21. h4
Rxh4+ 0-1

[Event "Olomouc 2008 - Open"]
[Site "?"]
[Date "2008.??.??"]
[Round "1.5"]
[White "MOLNAR, JIRI."]
[Black "KARLIK, VLADIMIR."]
[Result "0-1"]
[WhiteElo "1904"]
[BlackElo "2301"]
[PlyCount "66"]
[EventDate "2008.07.31"]

1. e4 g6 2. f4 Bg7 3. Nc3 c6 4. Nf3 d5 5. exd5 cxd5 6. Bb5+ Nc6 7. Ne5 Bd7 8.
Nxd7 Qxd7 9. O-O e6 10. Qe1 Nge7 11. d3 a6 12. Bxc6 Qxc6 13. Bd2 O-O 14. Rc1
Qb6+ 15. Kh1 Qxb2 16. Rb1 Qa3 17. Rxb7 Nf5 18. Rb3 Qc5 19. Qb1 Rac8 20. Be1 d4
21. Ne4 Qxc2 22. Bb4 Rfd8 23. Rf2 Qc6 24. Ba3 h6 25. Rb6 Qa4 26. Bc5 Qa5 27.
Rc2 Ne3 28. Rc1 f5 29. Qb3 Nd5 30. Rxe6 Kh7 31. Qb7 fxe4 32. Rxa6 Rxc5 33. Rb1
Qc7 0-1

[Event "Olomouc 2008 - Open"]
[Site "?"]
[Date "2008.??.??"]
[Round "1.8"]
[White "KARASIK, EVGENY."]
[Black "HLAVACEK, PAVEL."]
[Result "1-0"]
[WhiteElo "2270"]
[BlackElo "1889"]
[PlyCount "63"]
[EventDate "2008.07.31"]

1. e4 e5 2. Nf3 Nc6 3. Bb5 a6 4. Ba4 Nf6 5. d3 b5 6. Bb3 d6 7. c3 Be7 8. Nbd2
Na5 9. Bc2 c5 10. Nf1 Qc7 11. Ne3 O-O 12. O-O Bb7 13. Nf5 d5 14. Bg5 g6 15.
Nxe7+ Qxe7 16. Nd2 Qe6 17. Qf3 Nd7 18. Bh6 Rfc8 19. Rfe1 d4 20. Qg3 b4 21. c4
Nf6 22. Bd1 Rc7 23. f4 Nc6 24. Rf1 Re8 25. f5 Qd6 26. Qh4 Nd7 27. fxg6 fxg6 28.
Bg4 Nf8 29. Rf6 Ne6 30. Raf1 Ncd8 31. Qf2 Qe7 32. Bxe6+ 1-0

[Event "Olomouc 2008 - Open"]
[Site "?"]
[Date "2008.??.??"]
[Round "1.9"]
[White "BALKOVA, ANNA."]
[Black "CAGASIK, TOMAS."]
[Result "0-1"]
[WhiteElo "1885"]
[BlackElo "2253"]
[PlyCount "61"]
[EventDate "2008.07.31"]

1. e4 c5 2. Nf3 Nc6 3. d4 cxd4 4. Nxd4 a6 5. Nc3 d6 6. Bc4 e6 7. Bb3 Nf6 8. O-O
Be7 9. Kh1 O-O 10. f4 Qc7 11. f5 Nxd4 12. Qxd4 Ng4 13. h3 Bf6 14. Qd1 Bxc3 15.
bxc3 Nf6 16. fxe6 fxe6 17. e5 dxe5 18. Bg5 Qxc3 19. Rxf6 Rxf6 20. Bh6 Qd4 21.
Qe1 Rf7 22. Rd1 Qb6 23. Qe3 Qc7 24. Qc3 Qe7 25. Qd3 Bd7 26. Qxd7 Qxd7 27. Rxd7
Rxd7 28. Bxe6+ Rf7 29. Kg1 Rd8 30. Kh2 Rd6 31. Bb3 0-1

[Event "Olomouc 2008 - Open"]
[Site "?"]
[Date "2008.??.??"]
[Round "1.10"]
[White "FAERMAN, IGOR."]
[Black "SOKOLSKI, ALEKSANDER."]
[Result "1-0"]
[WhiteElo "2245"]
[BlackElo "1883"]
[PlyCount "49"]
[EventDate "2008.07.31"]

1. d4 Nf6 2. Bg5 e6 3. Nf3 b6 4. e3 Bb7 5. Bd3 d5 6. c3 Be7 7. Nbd2 Nbd7 8. O-O
O-O 9. Qb1 h6 10. Bh4 c5 11. b4 c4 12. Bc2 b5 13. a4 a6 14. axb5 axb5 15. Rxa8
Qxa8 16. Qb2 Bc6 17. Ne5 Bd6 18. Ra1 Qb7 19. Bg3 Bxe5 20. dxe5 Ng4 21. Nf3 Qc7
22. Ra6 Rb8 23. Qa1 Ngxe5 24. Nxe5 Bb7 25. Nxd7 1-0

[Event "Olomouc 2008 - Open"]
[Site "?"]
[Date "2008.??.??"]
[Round "1.12"]
[White "FURMAN, BORIS."]
[Black "WASIK, JOZEF."]
[Result "1-0"]
[WhiteElo "2223"]
[BlackElo "1881"]
[PlyCount "47"]
[EventDate "2008.07.31"]

1. d4 d5 2. c4 c6 3. Nc3 Nf6 4. Bg5 Ne4 5. Nxe4 dxe4 6. Qd2 Bf5 7. f3 Qd7 8.
O-O-O Na6 9. Qa5 e6 10. g4 Bg6 11. Bg2 exf3 12. Bxf3 Bb4 13. Qa4 Bd6 14. c5 Be7
15. Bxe7 Qxe7 16. Bxc6+ Kf8 17. Bf3 Nxc5 18. dxc5 Qxc5+ 19. Kd2 Qf2 20. Qd7 Qh4
21. Rc1 f6 22. Qd6+ Ke8 23. Rc7 Rd8 24. Re7+ 1-0

[Event "Olomouc 2008 - Open"]
[Site "?"]
[Date "2008.??.??"]
[Round "1.13"]
[White "NYTROVA, ADELA."]
[Black "DE VERDIER, MICHAEL."]
[Result "0-1"]
[WhiteElo "1843"]
[BlackElo "2222"]
[PlyCount "64"]
[EventDate "2008.07.31"]

1. e4 c5 2. Nf3 d6 3. b4 Nf6 4. Bb5+ Bd7 5. Qe2 Bxb5 6. Qxb5+ Qd7 7. Qe2 Nc6 8.
bxc5 dxc5 9. e5 Nd5 10. d3 e6 11. O-O Be7 12. c3 O-O 13. d4 cxd4 14. cxd4 Rac8
15. Nbd2 Nc3 16. Qd3 Nb4 17. Qe3 Nc2 18. Qd3 Nb4 19. Qe3 Nc2 20. Qd3 Nxa1 21.
Bb2 Qb5 22. Qxb5 Nxb5 23. Bxa1 Nc3 24. Bxc3 Rxc3 25. Ne4 Rc6 26. h3 Rfc8 27.
Kh2 Rc1 28. Rxc1 Rxc1 29. a4 Rc6 30. Nfd2 Ra6 31. Nc4 Rxa4 32. Ned2 b5 0-1

[Event "Olomouc 2008 - Open"]
[Site "?"]
[Date "2008.??.??"]
[Round "1.20"]
[White "GURKIN, ANTON."]
[Black "MINKO, VLADIMIR."]
[Result "1-0"]
[WhiteElo "2158"]
[BlackElo "1800"]
[PlyCount "45"]
[EventDate "2008.07.31"]

1. e4 c5 2. b4 cxb4 3. a3 b3 4. cxb3 e5 5. Bc4 Nf6 6. d4 exd4 7. Nf3 Qa5+ 8.
Bd2 Qb6 9. O-O Be7 10. Bg5 Nc6 11. e5 Ne4 12. Bxe7 Nxe7 13. Qd3 Nc5 14. Qxd4
O-O 15. Nc3 Nf5 16. Qf4 d6 17. b4 Na6 18. Rad1 dxe5 19. Nxe5 Be6 20. Nd7 Bxd7
21. Rxd7 g6 22. g4 Ng7 23. Nd5 1-0

[Event "Olomouc 2008 - Open"]
[Site "?"]
[Date "2008.08.01"]
[Round "2.2"]
[White "FRISK, ELLINOR."]
[Black "SIMACEK, PAVEL."]
[Result "0-1"]
[WhiteElo "2102"]
[BlackElo "2470"]
[PlyCount "82"]
[EventDate "2008.07.31"]

1. e4 e5 2. Nf3 d6 3. d4 Nd7 4. Nc3 Ngf6 5. Bc4 Be7 6. dxe5 Nxe5 7. Nxe5 dxe5
8. O-O c6 9. Qe2 b5 10. Bd3 Be6 11. a4 a6 12. axb5 axb5 13. Rxa8 Qxa8 14. Bg5
O-O 15. Kh1 Qd8 16. Nd1 Nd7 17. Bxe7 Qxe7 18. c3 Ra8 19. Ne3 Qc5 20. Rd1 g6 21.
h3 Kg7 22. Qd2 Nb6 23. Rc1 Rd8 24. Qc2 Na4 25. b4 Qb6 26. Rd1 c5 27. Be2 Rc8
28. Qd2 cxb4 29. cxb4 Nc3 30. Rf1 Nxe4 31. Qd3 Qd4 32. Qxb5 Nxf2+ 33. Rxf2 Qxe3
34. Rf3 Rc1+ 35. Kh2 Qd4 36. Qa5 Qg1+ 37. Kg3 Qe1+ 38. Rf2 Rc3+ 39. Bf3 Qe3 40.
Rb2 Qf4+ 41. Kf2 Rxf3+ 0-1

[Event "Olomouc 2008 - Open"]
[Site "?"]
[Date "2008.08.01"]
[Round "2.3"]
[White "POZIN, SERGEY."]
[Black "PAPAKONSTANTINOU, SPYRIDON."]
[Result "1-0"]
[WhiteElo "2436"]
[BlackElo "2093"]
[PlyCount "97"]
[EventDate "2008.07.31"]

1. Nf3 Nf6 2. c4 g6 3. Nc3 Bg7 4. e4 d6 5. d4 O-O 6. Be2 e5 7. d5 a5 8. Bg5 Na6
9. O-O h6 10. Bh4 Qe8 11. Ne1 Nc5 12. Bxf6 Bxf6 13. Bg4 Bxg4 14. Qxg4 h5 15.
Qe2 Qd7 16. Nd3 Na4 17. Nxa4 Qxa4 18. c5 Be7 19. Rfc1 f5 20. cxd6 cxd6 21. exf5
Rxf5 22. Rc7 Bg5 23. Re1 Qd4 24. Qe4 Qb6 25. Rc4 Raf8 26. Re2 Kg7 27. b3 R8f7
28. h3 h4 29. Rcc2 Bf4 30. Ne1 Bh6 31. Nf3 Rf4 32. Qd3 a4 33. Rc4 axb3 34. axb3
Qa6 35. Qc2 Rxc4 36. Qxc4 Qxc4 37. bxc4 Rc7 38. Re4 Bf4 39. Kf1 g5 40. g3 hxg3
41. fxg3 Bxg3 42. Nxg5 Kf6 43. Rg4 Bf4 44. Ne4+ Kf7 45. Nxd6+ Ke7 46. Rg6 e4
47. Nxe4 Rxc4 48. d6+ Kf7 49. Rf6+ 1-0

[Event "Olomouc 2008 - Open"]
[Site "?"]
[Date "2008.08.01"]
[Round "2.4"]
[White "FAELLMAN, MICAEL."]
[Black "DVIRNYY, DANYYIL."]
[Result "0-1"]
[WhiteElo "2091"]
[BlackElo "2358"]
[PlyCount "88"]
[EventDate "2008.07.31"]

1. d4 Nf6 2. Nf3 g6 3. c4 Bg7 4. Nc3 O-O 5. e4 d6 6. Be2 e5 7. O-O exd4 8. Nxd4
Re8 9. f3 Nc6 10. Nxc6 bxc6 11. Bg5 h6 12. Bh4 Rb8 13. Qc2 Qe7 14. Rfe1 Qe5 15.
Bf2 Nh5 16. Rad1 Nf4 17. Bf1 Qa5 18. Rc1 c5 19. b3 Ne6 20. Ne2 Qa3 21. f4 a5
22. f5 Ng5 23. Ng3 Be5 24. h4 Nh7 25. Qd2 h5 26. Bd3 a4 27. bxa4 Rb2 28. Rc2
Rxc2 29. Qxc2 Bd7 30. Qb3 Qxa4 31. Bc2 Ra8 32. fxg6 fxg6 33. Qb7 Qc6 34. Qxc6
Bxc6 35. Bb3 Nf6 36. Re2 Kf7 37. Kf1 Ke6 38. Be1 Ra3 39. Bf2 Ba4 40. Re3 Ng4
41. Rd3 Bf6 42. Be1 Ne5 43. Re3 Bxb3 44. axb3 Nxc4 0-1

[Event "Olomouc 2008 - Open"]
[Site "?"]
[Date "2008.08.01"]
[Round "2.5"]
[White "KARLIK, VLADIMIR."]
[Black "RICCA, GIORGIO."]
[Result "1/2-1/2"]
[WhiteElo "2301"]
[BlackElo "2065"]
[PlyCount "65"]
[EventDate "2008.07.31"]

1. d4 d5 2. Bf4 Nf6 3. e3 c5 4. c3 Nc6 5. Nd2 Bf5 6. Qb3 Qb6 7. dxc5 Qxb3 8.
axb3 e5 9. Bg3 Bxc5 10. Ngf3 Bd6 11. Bb5 Nd7 12. O-O O-O 13. Rfe1 Bb8 14. b4 f6
15. Ba4 Ne7 16. Bb3 a6 17. e4 Be6 18. Rad1 a5 19. exd5 Bf7 20. d6 Nf5 21. Ra1
b6 22. Ba4 Rd8 23. Bc6 Ra7 24. bxa5 bxa5 25. Ne4 Nxd6 26. Red1 Nxe4 27. Bxe4
Bb3 28. Bd5+ Bxd5 29. Rxd5 Rb7 30. Rad1 Rxb2 31. Kf1 Rb7 32. Rxa5 Kf7 33. Ke2
1/2-1/2

[Event "Olomouc 2008 - Open"]
[Site "?"]
[Date "2008.08.01"]
[Round "2.6"]
[White "ARMSTRONG, MALCOLM."]
[Black "CERVENY, MARTIN."]
[Result "0-1"]
[WhiteElo "2077"]
[BlackElo "2285"]
[PlyCount "56"]
[EventDate "2008.07.31"]

1. d4 Nf6 2. Nf3 e6 3. c4 Bb4+ 4. Nbd2 b6 5. g3 Ba6 6. Qc2 O-O 7. Bg2 d5 8. O-O
c6 9. b3 Bb7 10. Bb2 c5 11. a3 Bxd2 12. Nxd2 cxd4 13. Bxd4 Nc6 14. Bb2 Rc8 15.
Rad1 Qe7 16. Qb1 Na5 17. cxd5 exd5 18. b4 Nc4 19. Nxc4 dxc4 20. Bxb7 Qxb7 21.
Bxf6 gxf6 22. Rd4 Rfe8 23. Rg4+ Kf8 24. e3 c3 25. Qc2 Red8 26. Qxh7 c2 27. Re4
Qxe4 28. Qxe4 Rd1 0-1

[Event "Olomouc 2008 - Open"]
[Site "?"]
[Date "2008.08.01"]
[Round "2.7"]
[White "ZAKHARCHENKO, ARNOLD."]
[Black "STEHLIK, JIRI."]
[Result "1-0"]
[WhiteElo "2271"]
[BlackElo "2063"]
[PlyCount "59"]
[EventDate "2008.07.31"]

1. c4 c5 2. Nf3 Nf6 3. Nc3 g6 4. e3 Bg7 5. d4 Na6 6. Be2 O-O 7. O-O d6 8. h3
Nc7 9. e4 cxd4 10. Nxd4 Ne6 11. Be3 Nc5 12. Qc2 a5 13. Rad1 Bd7 14. f4 Ne8 15.
Ndb5 Nc7 16. Nxc7 Qxc7 17. Nd5 Qd8 18. Bxc5 dxc5 19. e5 e6 20. Nf6+ Bxf6 21.
exf6 Qc7 22. f5 Bc6 23. fxe6 fxe6 24. Bg4 Rae8 25. Qf2 b6 26. Qe3 e5 27. h4 h5
28. Qg5 Qh7 29. Bf5 Kf7 30. Bd7 1-0

[Event "Olomouc 2008 - Open"]
[Site "?"]
[Date "2008.08.01"]
[Round "2.8"]
[White "MUKASHEV, ASSAN."]
[Black "KARASIK, EVGENY."]
[Result "1/2-1/2"]
[WhiteElo "2063"]
[BlackElo "2270"]
[PlyCount "66"]
[EventDate "2008.07.31"]

1. d4 Nf6 2. c4 c5 3. d5 b5 4. cxb5 a6 5. b6 e6 6. Nc3 Nxd5 7. Nxd5 exd5 8.
Qxd5 Nc6 9. Nf3 Rb8 10. e4 Be7 11. Bc4 O-O 12. O-O Rxb6 13. Qh5 Qe8 14. b3 Kh8
15. Ba3 f6 16. Qd5 Nb4 17. Qd2 Bb7 18. Rfe1 f5 19. e5 Bxf3 20. gxf3 Qh5 21.
Qxd7 Bh4 22. e6 Qxf3 23. Re2 Rd8 24. Qf7 Rbd6 25. Rf1 Rd4 26. h3 Qxh3 27. f4
Rd1 28. Rg2 Bf6 29. Bb2 Rxf1+ 30. Bxf1 Qe3+ 31. Kh1 Qh3+ 32. Kg1 Qe3+ 33. Kh1
Qh3+ 1/2-1/2

[Event "Olomouc 2008 - Open"]
[Site "?"]
[Date "2008.08.01"]
[Round "2.9"]
[White "CAGASIK, TOMAS."]
[Black "LAURITZEN, EINAR."]
[Result "1/2-1/2"]
[WhiteElo "2253"]
[BlackElo "2049"]
[PlyCount "85"]
[EventDate "2008.07.31"]

1. e4 c6 2. d4 d5 3. exd5 cxd5 4. c3 g6 5. Bd3 Bg7 6. Nf3 Nf6 7. O-O O-O 8. Re1
Nc6 9. Nbd2 Qc7 10. h3 Bd7 11. Ne5 Nxe5 12. dxe5 Ne8 13. Nf3 Qc8 14. b3 Nc7 15.
Ba3 Re8 16. Rc1 Bc6 17. Nd4 Ne6 18. Nxc6 bxc6 19. c4 d4 20. c5 Qc7 21. Bc4 Rad8
22. Bxe6 fxe6 23. Qd3 Rd5 24. Re4 Rf8 25. f4 Qa5 26. b4 Qa4 27. Rc4 Rfd8 28.
Kf2 a5 29. Qb3 Qb5 30. bxa5 Qxa5 31. Bb4 Qa6 32. Rc2 Rf8 33. Kg3 g5 34. Bd2 Qf1
35. Rc1 Qa6 36. Rce1 Qa7 37. Qc4 Qa3+ 38. Kh2 Qb2 39. Bc1 Qf2 40. Rf1 Qh4 41.
g3 Qh5 42. g4 Qh4 43. Rf3 1/2-1/2

[Event "Olomouc 2008 - Open"]
[Site "?"]
[Date "2008.08.01"]
[Round "2.10"]
[White "SAUTKIN, SERGEY."]
[Black "FAERMAN, IGOR."]
[Result "1/2-1/2"]
[WhiteElo "2060"]
[BlackElo "2245"]
[PlyCount "42"]
[EventDate "2008.07.31"]

1. b4 Nf6 2. Bb2 d6 3. e3 e5 4. Nf3 Be7 5. c4 O-O 6. d4 exd4 7. Nxd4 c5 8. Nc2
Bf5 9. Bd3 Bxd3 10. Qxd3 Nc6 11. a3 Ne5 12. Qe2 Qc8 13. Nd2 Nfd7 14. O-O Re8
15. e4 Bf6 16. Ne3 Nc6 17. Bxf6 Nxf6 18. b5 Nd4 19. Qd3 Qe6 20. f3 Nd7 21. Nb3
Nxb3 1/2-1/2

[Event "Olomouc 2008 - Open"]
[Site "?"]
[Date "2008.08.01"]
[Round "2.11"]
[White "VRANA, JAN."]
[Black "STOVRING, CLAUS."]
[Result "1-0"]
[WhiteElo "2234"]
[BlackElo "2042"]
[PlyCount "35"]
[EventDate "2008.07.31"]

1. e4 e5 2. f4 exf4 3. Nf3 d5 4. exd5 Nf6 5. Bc4 Nxd5 6. O-O Be7 7. d4 O-O 8.
Bxd5 Qxd5 9. Bxf4 c5 10. Nc3 Qf5 11. Qd2 Be6 12. d5 Bd7 13. Rae1 Bf6 14. Bd6
Rc8 15. Ne5 Qh5 16. Bxb8 Rcxb8 17. Rxf6 gxf6 18. Nxd7 1-0

[Event "Olomouc 2008 - Open"]
[Site "?"]
[Date "2008.08.01"]
[Round "2.13"]
[White "DE VERDIER, MICHAEL."]
[Black "NOVOSADOVA, KRISTYNA."]
[Result "1/2-1/2"]
[WhiteElo "2222"]
[BlackElo "2038"]
[PlyCount "66"]
[EventDate "2008.07.31"]

1. Nf3 d5 2. d4 Nc6 3. c4 e5 4. Nxe5 Nxe5 5. dxe5 d4 6. e3 Bc5 7. Bd3 dxe3 8.
Bxe3 Bxe3 9. fxe3 Qh4+ 10. g3 Qg5 11. Qf3 Qxe5 12. Nc3 Nf6 13. Qf4 Qxf4 14.
gxf4 Bd7 15. Nd5 Nxd5 16. cxd5 f5 17. Rg1 O-O 18. Rc1 Rac8 19. Bc4 Kh8 20. Ke2
Be8 21. Bd3 c6 22. Rg5 g6 23. h4 Bf7 24. dxc6 Rxc6 25. Rxc6 bxc6 26. b3 Bd5 27.
h5 Kg7 28. hxg6 hxg6 29. Kd2 Kf6 30. Kc3 Rh8 31. Bc4 Be4 32. Rg3 a5 33. Bd3 Bd5
1/2-1/2

[Event "Olomouc 2008 - Open"]
[Site "?"]
[Date "2008.08.01"]
[Round "2.15"]
[White "MASLAK, ALEXANDER."]
[Black "KNOEFEL, MICHAEL."]
[Result "1-0"]
[WhiteElo "2201"]
[BlackElo "2027"]
[PlyCount "57"]
[EventDate "2008.07.31"]

1. d4 Nf6 2. c4 g6 3. Nc3 Bg7 4. e4 d6 5. f3 O-O 6. Be3 c6 7. Bd3 a6 8. a4 a5
9. Qd2 Re8 10. Nge2 Na6 11. Rd1 Nb4 12. Bb1 Be6 13. b3 Rb8 14. O-O Qc7 15. h3
Rf8 16. Rc1 Bd7 17. f4 Qc8 18. Kh2 Nh5 19. f5 Qe8 20. g4 Nf6 21. e5 Nxg4+ 22.
hxg4 dxe5 23. dxe5 Bxe5+ 24. Bf4 f6 25. Bxe5 fxe5 26. Kg3 Rd8 27. fxg6 hxg6 28.
Qh6 Bxg4 29. Bxg6 1-0

[Event "Olomouc 2008 - Open"]
[Site "?"]
[Date "2008.08.01"]
[Round "2.16"]
[White "ZDRAZIL, TOMAS."]
[Black "ILANDZIS, SPYRIDON."]
[Result "0-1"]
[WhiteElo "2035"]
[BlackElo "2196"]
[PlyCount "68"]
[EventDate "2008.07.31"]

1. e4 c5 2. Nf3 d6 3. d4 cxd4 4. Nxd4 Nf6 5. Nc3 a6 6. Be3 e5 7. Nb3 Be6 8. Qd2
Be7 9. f3 O-O 10. O-O-O Nbd7 11. g4 b5 12. g5 b4 13. Na4 Ne8 14. h4 a5 15. Bb5
Rb8 16. Bc6 Qc7 17. Bd5 Rc8 18. Rh2 Qb8 19. Qd3 Bd8 20. h5 Nb6 21. Nxb6 Bxb6
22. Kb1 Bxd5 23. exd5 a4 24. Nd2 Nc7 25. Bxb6 Qxb6 26. Ne4 Nb5 27. Ka1 Rc7 28.
Rg2 a3 29. Nf6+ gxf6 30. gxf6+ Kh8 31. Rg7 axb2+ 32. Kb1 Nc3+ 33. Kxb2 Nxd1+
34. Kb1 Nc3+ 0-1

[Event "Olomouc 2008 - Open"]
[Site "?"]
[Date "2008.08.01"]
[Round "2.25"]
[White "SCHALLA, DIETER."]
[Black "VOJACEK, ZDENEK."]
[Result "0-1"]
[WhiteElo "2128"]
[BlackElo "1940"]
[PlyCount "62"]
[EventDate "2008.07.31"]

1. c4 Nf6 2. Nc3 d5 3. cxd5 Nxd5 4. g3 g6 5. Bg2 Nb6 6. Nf3 Bg7 7. O-O O-O 8.
d4 N8d7 9. Bf4 Nf6 10. e4 c6 11. h3 Nh5 12. Be3 Nc4 13. Bc1 Qc7 14. b3 Nb6 15.
e5 f5 16. Qe2 Be6 17. Ng5 Qd7 18. Bf3 Nd5 19. Nxe6 Nxc3 20. Qc4 Nd5 21. Nxf8
Rxf8 22. Bxd5+ cxd5 23. Qd3 f4 24. Kh2 f3 25. Be3 Rf5 26. Qd2 Nf4 27. Bxf4 Rh5
28. h4 Qg4 29. Bg5 Bh6 30. Qf4 Rxh4+ 31. gxh4 Qg2# 0-1

[Event "Olomouc 2008 - Open"]
[Site "?"]
[Date "2008.08.02"]
[Round "3.1"]
[White "GURKIN, ANTON."]
[Black "MASLAK, KONSTANTIN."]
[Result "0-1"]
[WhiteElo "2158"]
[BlackElo "2521"]
[PlyCount "52"]
[EventDate "2008.07.31"]

1. e4 d5 2. exd5 Nf6 3. d4 Nxd5 4. Nf3 g6 5. Be2 Bg7 6. O-O O-O 7. c4 Nb6 8.
Nc3 Nc6 9. Be3 Bg4 10. d5 Bxf3 11. gxf3 Na5 12. Bd4 e5 13. Bxb6 cxb6 14. Rc1
Rc8 15. Ne4 f5 16. Nd2 Bh6 17. Rc2 Qh4 18. f4 Bxf4 19. Nf3 Qh3 20. Re1 e4 21.
Bf1 Qg4+ 22. Kh1 exf3 23. h3 Qh4 24. Qd4 Rfe8 25. Rcc1 Rxe1 26. Rxe1 Nxc4 0-1

[Event "Olomouc 2008 - Open"]
[Site "?"]
[Date "2008.08.02"]
[Round "3.2"]
[White "SIMACEK, PAVEL."]
[Black "STREKALOVSKI, VIKTOR."]
[Result "1-0"]
[WhiteElo "2470"]
[BlackElo "2157"]
[PlyCount "65"]
[EventDate "2008.07.31"]

1. e4 c6 2. d4 d5 3. Nd2 g6 4. h3 Bg7 5. Ngf3 a6 6. c3 Bh6 7. Bd3 Nf6 8. O-O
O-O 9. Re1 Be6 10. e5 Ne8 11. Nf1 Bg7 12. Ng5 Nc7 13. Nxe6 Nxe6 14. f4 c5 15.
f5 Nc7 16. Ng3 Nc6 17. Qg4 cxd4 18. cxd4 Nb5 19. Be3 Qb6 20. fxg6 fxg6 21. Nh5
Nb4 22. Bb1 Rac8 23. Nxg7 Kxg7 24. a4 Na7 25. a5 Qc6 26. Qh4 Rf7 27. Ra3 Qe6
28. Rb3 Rc4 29. Rf1 Rxf1+ 30. Kxf1 Nac6 31. Rc3 Nxa5 32. Bh6+ Kg8 33. Rf3 1-0

[Event "Olomouc 2008 - Open"]
[Site "?"]
[Date "2008.08.02"]
[Round "3.4"]
[White "DVIRNYY, DANYYIL."]
[Black "RYMSKYY, ALEKSANDER."]
[Result "1-0"]
[WhiteElo "2358"]
[BlackElo "2151"]
[PlyCount "57"]
[EventDate "2008.07.31"]

1. e4 c5 2. Nf3 d6 3. Bc4 Nc6 4. Nc3 Nf6 5. d4 cxd4 6. Nxd4 Bd7 7. Bg5 a6 8.
O-O e6 9. Nb3 Be7 10. Bxf6 gxf6 11. Be2 O-O 12. f4 Kh8 13. Bh5 Be8 14. Kh1 Rg8
15. Rf3 Bf8 16. Rh3 Rg7 17. Qe2 Ne7 18. Rd1 Ng6 19. Qd2 Be7 20. Nd4 Qc8 21. f5
Nf8 22. Qh6 b5 23. Rhd3 Rg5 24. Rg3 Qd8 25. fxe6 fxe6 26. Nxe6 Nxe6 27. Bxe8
Nf8 28. Bg6 Rxg3 29. hxg3 1-0

[Event "Olomouc 2008 - Open"]
[Site "?"]
[Date "2008.08.02"]
[Round "3.5"]
[White "CERVENY, MARTIN."]
[Black "SOBAN, JAROSLAV."]
[Result "1-0"]
[WhiteElo "2285"]
[BlackElo "2151"]
[PlyCount "73"]
[EventDate "2008.07.31"]

1. d4 f5 2. Bg5 h6 3. Bh4 g5 4. Bg3 Nf6 5. e3 d6 6. h4 g4 7. Bc4 e6 8. Ne2 Nh5
9. Nbc3 Qe7 10. Qd3 Nd7 11. O-O-O Ndf6 12. f3 Bd7 13. Bh2 O-O-O 14. e4 fxe4 15.
fxe4 e5 16. d5 Kb8 17. g3 Bg7 18. Bg1 c5 19. dxc6 Bxc6 20. Bd5 Bxd5 21. exd5
Nd7 22. Qe3 b6 23. Nd4 Rc8 24. Nc6+ Rxc6 25. dxc6 Ndf6 26. c7+ Qxc7 27. Rh2 Rc8
28. Nb5 Qc6 29. Nxd6 Nd5 30. Rxd5 Qxd5 31. Nxc8 Kxc8 32. Qc3+ Kb7 33. Rd2 Qb5
34. Rd1 Qc6 35. Qb3 Qf3 36. Rd7+ Kc8 37. Qe6 1-0

[Event "Olomouc 2008 - Open"]
[Site "?"]
[Date "2008.08.02"]
[Round "3.7"]
[White "GALVANEK, LADISLAV."]
[Black "VRANA, JAN."]
[Result "1/2-1/2"]
[WhiteElo "2127"]
[BlackElo "2234"]
[PlyCount "77"]
[EventDate "2008.07.31"]

1. d4 d5 2. c4 e6 3. Nc3 Nf6 4. cxd5 exd5 5. Bg5 Be7 6. e3 Nbd7 7. Bd3 c6 8.
Qc2 O-O 9. Nf3 Re8 10. O-O Nf8 11. Rae1 Be6 12. Ne5 N6d7 13. Bxe7 Rxe7 14. f4
f6 15. Nf3 Nb6 16. Qf2 Qd7 17. Re2 Bf5 18. e4 dxe4 19. Nxe4 Rae8 20. Rfe1 Nd5
21. Nc5 Rxe2 22. Rxe2 Rxe2 23. Qxe2 Bxd3 24. Nxd3 Qe6 25. Kf2 Kf7 26. g3 Qxe2+
27. Kxe2 Ne6 28. a3 Ke7 29. Nc5 b6 30. Ne4 Nec7 31. Kd3 Nb5 32. Kc4 Nd6+ 33.
Nxd6 Kxd6 34. a4 a6 35. b3 Nc7 36. Nd2 b5+ 37. axb5 axb5+ 38. Kd3 Kd5 39. Nf1
1/2-1/2

[Event "Olomouc 2008 - Open"]
[Site "?"]
[Date "2008.08.02"]
[Round "3.9"]
[White "SALAMA, OMAR."]
[Black "MACICEK, JAKUB."]
[Result "1-0"]
[WhiteElo "2212"]
[BlackElo "2121"]
[PlyCount "77"]
[EventDate "2008.07.31"]

1. d4 Nf6 2. c4 e6 3. Nf3 d5 4. Nc3 Be7 5. Bg5 O-O 6. e3 c6 7. cxd5 exd5 8. Qc2
Nbd7 9. Bd3 Re8 10. O-O Nf8 11. h3 Ng6 12. Rab1 Bd6 13. b4 a6 14. Na4 Rb8 15.
Nc5 h6 16. Bxh6 gxh6 17. Bxg6 fxg6 18. Qxg6+ Kh8 19. Qxh6+ Nh7 20. Nd3 Bf5 21.
Nde5 Qc7 22. Qxd6 Qxd6 23. Nf7+ Kg8 24. Nxd6 Bxb1 25. Rxb1 Rf8 26. e4 dxe4 27.
Nxe4 Rbe8 28. Ne5 Rd8 29. Rb3 Rf5 30. Rg3+ Kf8 31. Nc5 Rd5 32. Re3 Kg7 33. Ne6+
Kf6 34. Ng4+ Kg6 35. Re4 Rd6 36. Ne5+ Kh6 37. Rh4+ Rh5 38. Rxh5+ Kxh5 39. Nf4+
1-0

[Event "Olomouc 2008 - Open"]
[Site "?"]
[Date "2008.08.02"]
[Round "3.11"]
[White "ILANDZIS, SPYRIDON."]
[Black "VANEK, LADISLAV."]
[Result "1/2-1/2"]
[WhiteElo "2196"]
[BlackElo "2114"]
[PlyCount "70"]
[EventDate "2008.07.31"]

1. d4 c5 2. d5 e5 3. e4 Nf6 4. Nc3 d6 5. Bb5+ Nbd7 6. Nf3 a6 7. Be2 b5 8. Nd2
Be7 9. O-O O-O 10. a4 b4 11. Ncb1 a5 12. c3 Ne8 13. Nc4 Ba6 14. Nbd2 Bg5 15.
Nb3 Bxc4 16. Bxc4 Nc7 17. Qd3 Nb6 18. Bb5 bxc3 19. bxc3 Bxc1 20. Rfxc1 Nxb5 21.
Qxb5 Qc7 22. Nxa5 Nxd5 23. exd5 Rxa5 24. Qc4 Rb8 25. f4 f6 26. fxe5 fxe5 27.
Qg4 Qc8 28. Qxc8+ Rxc8 29. Rcb1 Rca8 30. Rb6 Rxa4 31. Rxa4 Rxa4 32. Rxd6 Rc4
33. Re6 Rxc3 34. Rxe5 Rd3 35. Kf2 Kf7 1/2-1/2